Statistics for JetPunk Website Quiz

Click here to take the quiz!

General Stats

  • This quiz has been taken 17 times
    (13 since last reset)
  • The average score is 15 of 22

Answer Stats

HintAnswer% Correct
What year was JetPunk founded?2008
100%
Featured languagesEnglish
83%
JetPunk counts this three
non UN member states as country
Taiwan
83%
Featured languagesFrench
75%
Featured languagesGerman
75%
Featured languagesItalian
75%
Featured languagesSpanish
75%
JetPunk counts this three
non UN member states as country
Vatican City
75%
Most taken quizCountries of the World Quiz
67%
JetPunk counts this three
non UN member states as a country
Kosovo
67%
Featured languagesPolish
67%
Featured languagesPortuguese
67%
His screen nameQuizmaster
67%
Featured languagesDutch
58%
Featured languagesFinnish
58%
Five most taken quizmakers (except above)relessness
58%
Five most taken quizmakers (except above)Stewart
58%
Real name of founder of JetPunkDan Hostetler
50%
JetPunk.com is the creation of ...H Brothers Inc.
50%
Five most taken quizmakers (except above)Jerry928
50%
Five most taken quizmakers (except above)Quizzer6794
50%
Five most taken quizmakers (except above)scambigol
50%

Score Distribution

Percentile by Number Answered

Percent of People with Each Score

Your Score History

You have not taken this quiz since the last reset